| 000 | 00738cam a22002291 4500 | ||
|---|---|---|---|
| 001 | sa 65009395 | ||
| 003 | DLC | ||
| 005 | 20260227112201.0 | ||
| 008 | 880315s1962 ii ab 000 0 eng | ||
| 010 | _asa 65009395 | ||
| 025 | _aPL480:I-E-4421 | ||
| 035 | _a(OCoLC)17629456 | ||
| 040 |
_aDLC _cWaU _dDLC |
||
| 042 | _apremarc | ||
| 050 | 0 | 0 |
_aHD1481.I4 _bJ6 |
| 100 | 1 | _aJoglekar, N. M. | |
| 245 | 1 | 0 |
_aReport on consolidation of holdings in Madhya Pradesh _b(pilot survey, 1956-57) _cby N.M. Joglekar. |
| 260 |
_a[New Delhi] _bResearch Programmes Committee, Planning Commission _c[1962] |
||
| 300 |
_aix, 100 p. _billus., maps. _c25 cm. |
||
| 500 | _aCover title. | ||
| 650 | 0 |
_aConsolidation of land holdings _zIndia _zMadhya Pradesh. |
|
| 999 |
_c66186 _d66186 |
||